| 000 | 00758nam a22002177a 4500 | ||
|---|---|---|---|
| 005 | 20100810112328.0 | ||
| 010 | _aENG-99259 | ||
| 020 | _c150.00 | ||
| 035 | _aEN-82791 | ||
| 037 | _bDBAD/PUB | ||
| 082 | _a657.904 | ||
| 100 |
_aPatankar, Sanjay V. _910183 |
||
| 245 |
_aA Text book of business accounting / _cby Sanjay V. Patankar |
||
| 260 |
_aMumbai _bHimalaya Publising House _c2008 |
||
| 270 |
_a"Ramdoot'', Dr. Bhalergo Marg, Girgaon, _bMumbai _e400 004 |
||
| 300 |
_a230p. _c24cm (pbk) |
||
| 650 |
_aBusiness accounting _910184 |
||
| 700 | _910155 | ||
| 942 |
_2ddc _cEN _h657.904 _mPAT |
||
| 999 |
_c40685 _d40685 |
||